|
|
|
|
| LEADER |
00000nab a2200000 ar4500 |
| 001 |
vtls009518985 |
| 003 |
SK-MaSNL |
| 005 |
20260303192021.0 |
| 008 |
170922c20080407xo mr|p|||||||000 b|slo |
| 038 |
|
|
|a SNSK
|
| 040 |
|
|
|b slo
|c SNSK
|e AACR2
|
| 041 |
|
|
|a slo
|
| 044 |
|
|
|a xo
|c SK
|
| 080 |
|
|
|a 614.86
|2 2001
|
| 080 |
|
|
|a 343.131.2
|2 2001
|
| 245 |
0 |
0 |
|a Polícia v kauze Úhorná: Servis za haváriu nemôže
|b falšovali žiadanky o výdaji dielov
|c [autor](rok)
|
| 300 |
|
|
|b Fotogr.
|
| 650 |
0 |
7 |
|a dopravné nehody
|2 snsk
|9 4151
|
| 650 |
0 |
7 |
|a policajné vyšetrovanie
|2 snsk
|9 4185
|
| 651 |
|
7 |
|a Úhorná (Slovensko)
|2 snsk
|9 31691
|
| 651 |
|
7 |
|a Gelnica (Slovensko : okres)
|2 snsk
|9 168677
|
| 773 |
0 |
|
|t Spišský Korzár
|g Roč. X., č. 81 (7.4.2008), s. 4
|x 1335-7590
|
| 852 |
|
|
|a SNSK
|b KIS3GCP
|
| 999 |
|
|
|c 2144052
|d 2145982
|